00669 2200193 4500001002100000005001500021035002000036245022200056100001600278250001000294300002400304006001800328008003900346260004600385082000700431084001300438600001000451990001400461INLIS00000000001004520260604080602 a0010-06260000071 aIMPLEMENTASI PERATURAN OTORITAS JASA KEUANGAN (POJK) NOMOR 20 TAHUN 2023 TENTANG PRODUK ASURANSI YANG DI KAITKAN DENGAN KREDIT ATAU PEMBIAYAAN SYARIAH PADA PT ASURANSI BANGUN ASKRIDA CABANG PALANGKARAYA /cFAUZAN AZMI0 aFAUZAN AZMI aCet 1 axv, 97 hlm :bilus.a 260604 | | |  aPalangka Raya :bPerpustakaan UMPR,c2025 a81 a81 FAU i 4aTESIS a238121988